000 00914nam a22002297a 4500
999 _c6387
_d6387
003 AR-CdUCM
008 190315b ||||| |||| 00| 0 spa d
040 _aMUNICIPALIDAD PROVINCIAL DEL CUSCO
_cBIBLIOTECA MUNICIPAL DEL CUSCO
082 _a030 /
_bG638
100 _aGóngora, Luis de
_918188
245 _aPoesía selecta :
_bLos mejores libros de la literatura española /
260 _aLima :
_bEditora de Publicaciones Gente
_c1987,
300 _a127 páginas ;
_c17 cm.
440 _aColección gratuita con la revista Gente (Lima-Perú) por su 3º aniversario
_n14
_918189
505 _aContenido: Ciego q apuntas y atinas -- La mas bella niña -- La hermosa marica -- Amarrado al duro banco -- La desgracia del forzado...
650 _aLiteratura española
_9362
650 _aColecciones
_9607
650 _aSiglo XX
_98
700 _aBanco de la Nación
_918155
942 _2ddc
_cLIBROS
945 _adavv